00259nam a2200109Ia 4500008004100000100003200041245002300073260002200096300000900118942000700127999001500134190216s9999||||xx |||||||||||||| ||und|| aGovt Of India Plannig Comm 0aCompanies Act 1956 bGovt.Keralac1966 a568p cBK c3972d3972